LEADER 00949cam0 22002531 450 001 SOBE00025482 005 20120521103009.0 100 $a20120521f2003 |||||ita|0103 ba 101 $aita 102 $aIT 200 1 $a<<">>Mettere" il viaggio in "carta"$enarrazione odeporica tra realtà, utopia e allegoria$fDaria Perocco 210 $a[S.l.$cs.n.$d2003?] 215 $a94-103 p.$d23 cm 300 $aEstratto da: Annali d'italianistica, 21 (2003): Hodoeporics revisited / Ritorno all'odeporica, ed. Luigi Monga 700 1$aPerocco$b, Daria$3SOBA00003038$4070$0154936 801 0$aIT$bUNISOB$c20120521$gRICA 850 $aUNISOB 852 $aUNISOB$j850|Opusc$m157047 912 $aSOBE00025482 940 $aM 102 Monografia moderna SBN 941 $aM 957 $a850|Opusc$b000201$gSI$d157047$rdono$tN$1menle$2UNISOB$3UNISOB$420120521103019.0$520120612093221.0$6bethb 996 $aMettere" il viaggio in "carta"$91717664 997 $aUNISOB